The Ripple Kingdom / (Record no. 407148)
[ view plain ]
| 000 -LEADER | |
|---|---|
| fixed length control field | 02251cam a2200409Ii 4500 |
| 001 - CONTROL NUMBER | |
| control field | ocn974476630 |
| 003 - CONTROL NUMBER IDENTIFIER | |
| control field | OCoLC |
| 005 - DATE AND TIME OF LATEST TRANSACTION | |
| control field | 20250418131113.0 |
| 008 - FIXED-LENGTH DATA ELEMENTS--GENERAL INFORMATION | |
| fixed length control field | 170306s2018 nyua j 6 000 1 eng d |
| 020 ## - INTERNATIONAL STANDARD BOOK NUMBER | |
| International Standard Book Number | 9781250159823 |
| Qualifying information | (hardcover) |
| 020 ## - INTERNATIONAL STANDARD BOOK NUMBER | |
| International Standard Book Number | 1250159822 |
| Qualifying information | (hardcover) |
| 020 ## - INTERNATIONAL STANDARD BOOK NUMBER | |
| International Standard Book Number | 9781626728332 |
| Qualifying information | (paperback) |
| 020 ## - INTERNATIONAL STANDARD BOOK NUMBER | |
| International Standard Book Number | 162672833X |
| Qualifying information | (paperback) |
| 035 ## - SYSTEM CONTROL NUMBER | |
| System control number | (OCoLC)974476630 |
| Canceled/invalid control number | (OCoLC)974480966 |
| -- | (OCoLC)974547611 |
| -- | (OCoLC)974553147 |
| 035 ## - SYSTEM CONTROL NUMBER | |
| System control number | 1459771 |
| 040 ## - CATALOGING SOURCE | |
| Original cataloging agency | YDX |
| Language of cataloging | eng |
| Description conventions | rda |
| Transcribing agency | YDX |
| Modifying agency | CHILD |
| -- | WIM |
| -- | BDX |
| -- | OCLCO |
| -- | OCLCF |
| -- | OCLCQ |
| -- | OCLCO |
| -- | UAP |
| -- | GK8 |
| -- | OQX |
| -- | DAD |
| 043 ## - GEOGRAPHIC AREA CODE | |
| Geographic area code | n-us--- |
| 092 ## - LOCALLY ASSIGNED DEWEY CALL NUMBER (OCLC) | |
| Classification number | junior graphic |
| Item number | Gigi |
| 100 0# - MAIN ENTRY--PERSONAL NAME | |
| Personal name | Gigi D. G. |
| Titles and other words associated with a name | (Artist), |
| Relator term | author, |
| -- | artist. |
| 9 (RLIN) | 6401502 |
| 245 14 - TITLE STATEMENT | |
| Title | The Ripple Kingdom / |
| Statement of responsibility, etc | Gigi D.G. |
| 250 ## - EDITION STATEMENT | |
| Edition statement | First edition. |
| 264 #1 - Production, Publication, Distribution, Manufacture, and Copyright Notice. | |
| Place of production, publication, distribution, manufacture | New York : |
| Name of producer, publisher, distributor, manufacturer | First Second Books, |
| Date of production, publication, distribution, manufacture, or copyr | 2018. |
| 300 ## - PHYSICAL DESCRIPTION | |
| Extent | 233 pages : |
| Other physical details | color illustrations ; |
| Dimensions | 22 cm. |
| 336 ## - Content Type | |
| Content type term | text |
| 336 ## - Content Type | |
| Content type term | still image |
| 337 ## - Media type | |
| Media type term | unmediated |
| 338 ## - Carrier type | |
| Carrier type term | volume |
| 490 ## - SERIES STATEMENT | |
| Series statement | Cucumber quest ; |
| Volume number/sequential designation | 2. |
| 520 ## - SUMMARY, ETC. | |
| Summary, etc | "The quest to save Dreamside continues! After a surprise attack at sea, Cucumber finds himself in the Ripple Kingdom, home to white sand, blue waves ... oh yeah, and the giant, terrible squid monster holding Almond and Sir Carrot captive. Can our so-called "legendary hero" rescue his companions from the nefarious Splashmaster? Nah, probably not. Good thing Princess Nautilus is here! With her wit, charm, and positive attitude, there's no way they can lose. But saving the day won't be as simple as it seems once a 500,000-year-old secret comes to light ... Adapted from the popular webcomic series of the same name, Cucumber Quest: The Ripple Kingdom is the second book of a clever, adorable, and hilarious four-volume heroic adventure that is sure to make you hungry for sweets and action."-- |
| 650 #0 - SUBJECT ADDED ENTRY--TOPICAL TERM | |
| Topical term or geographic name as entry element | Heroes |
| Form subdivision | Juvenile fiction. |
| 650 #0 - SUBJECT ADDED ENTRY--TOPICAL TERM | |
| Topical term or geographic name as entry element | Quests (Expeditions) |
| Form subdivision | Juvenile fiction. |
| 9 (RLIN) | 5675013 |
| 650 #0 - SUBJECT ADDED ENTRY--TOPICAL TERM | |
| Topical term or geographic name as entry element | Brothers and sisters |
| Form subdivision | Juvenile fiction. |
| 9 (RLIN) | 5674032 |
| 650 #0 - SUBJECT ADDED ENTRY--TOPICAL TERM | |
| Topical term or geographic name as entry element | Giant squids |
| Form subdivision | Juvenile fiction. |
| 9 (RLIN) | 5796543 |
| 655 #7 - INDEX TERM--GENRE/FORM | |
| Genre/form data or focus term | Action and adventure comics. |
| Source of term | lcgft. |
| 9 (RLIN) | 5716592 |
| 655 #7 - INDEX TERM--GENRE/FORM | |
| Genre/form data or focus term | Graphic novels. |
| Source of term | lcgft. |
| 942 ## - ADDED ENTRY ELEMENTS (KOHA) | |
| Source of classification or shelving scheme | Dewey Decimal Classification |
| Koha item type | BOOK |
| Withdrawn status | Lost status | Source of classification or shelving scheme | Damaged status | Not for loan | Collection code | Home library | Current library | Shelving location | Date acquired | Source of acquisition | Serial Enumeration / chronology | Total Checkouts | Total Renewals | Full call number | Barcode | Date last seen | Date checked out | Cost, replacement price | Price effective from | Koha item type |
|---|---|---|---|---|---|---|---|---|---|---|---|---|---|---|---|---|---|---|---|---|
| Dewey Decimal Classification | Junior Graphic Novels | Wasatch County Library | Wasatch County Library | First Floor | 04/18/2025 | Amazon | #2 Cucumber Quest | 2 | 1 | J GN Gigi D.G. | 34301002152959 | 02/06/2026 | 01/30/2026 | 15.99 | 04/18/2025 | BOOK |
